00568nam a2200169Ia 4500003000900000008004100009020002200050040001600072080002200088100002200110245015300132260003800285300001400323650002500337650001200362650002400374IN-BaIIA211028s9999 xx 000 0 eng d a978-981-02-2944-3 cIIA Library a[5]:01:00bSTE-II aSteeb, Willi-Hans 0aProblems and solutions in theoretical and mathematical physicsbvol. II, advanced levelcWilli-Hans Steeb  aSingaporebWorld Scientificc1997 aix, 323p. aMathematical physics aPhysics aTheoretical physics